Movies Quiz

Random Movies or Blitz Quiz

► Quick Pick: Movies of 2001 Quiz Stats

 Plays Quiz not verified by Sporcle

Score 0/20 Timer 01:00
1 Play Today
% Correct
Apes
98.5%
Furious
97.9%
Blonde
97.8%
Hour
96.9%
Diaries
96.6%
Harbor
96.4%
Rouge
96%
Intelligence
96%
Hawk
95.7%
Stone
95.2%
% Correct
Day
95.1%
Fellowship
94.5%
Darko
94.3%
Sky
93.8%
Empire
93.4%
Gates
92.7%
Mind
92%
Away
89.8%
Drive
88.7%
Tenenbaums
87.1%

You're not logged in!

Compare scores with friends on all Sporcle quizzes.
OR
Log In

Sporcle TV

Today on Sporcle TV


Watch our educational content, quiz creation guides, and fun videos on Sporcle TV.

Show Comments

Extras

Top Quizzes Today


Score Distribution

Your Account Isn't Verified!

In order to create a playlist on Sporcle, you need to verify the email address you used during registration. Go to your Sporcle Settings to finish the process.

Report this User

Report this user for behavior that violates our Community Guidelines.

Details: